000 00561nam a2200193 a 4500
005 20140310183512.0
008 101005s19uu xx 00 eng d
020 _a9789715847278
050 _aRD 32.3
_b.F35 2008
100 _aFairchild, Susan S.
245 _aPerioperative nursing :
_bprinciples and practice /
_cSusan S. Fairchild.
260 _aCanada :
_bJones and Bartlett Pub,
_c2008.
300 _a655 p. :
_bill. ;
_c26 cm.
521 _aNUR
650 _aOperating room nursing.
942 _cBK
_2lcc
_kFOR
999 _c24214
_d24214